| 000 | 00401cam a2200157ua 4500 | ||
|---|---|---|---|
| 003 | OSt | ||
| 008 | 250405b |||||||| |||| 00| 0 eng d | ||
| 041 | _aeng | ||
| 082 |
_a624.151 36 _bMIL/BA |
||
| 100 |
_aMilligan, G M E . _97383 |
||
| 245 | _aBasic soil mechanics / | ||
| 260 |
_aLondon : _bButterworth Scientific , _c1984. |
||
| 300 | _a132 ; . | ||
| 700 | 1 |
_aHoulsby, G T . _97384 |
|
| 942 | _cBK | ||
| 999 |
_c10459 _d10459 |
||